| 000 | 01079nam a2200337 a 4500 | ||
|---|---|---|---|
| 001 | vtls000183705 | ||
| 003 | NLI | ||
| 005 | 20210602111251.0 | ||
| 008 | 101125s2004 mauab 001 0 eng | ||
| 020 |
_a0262182343 : _cUSD 100.00 |
||
| 020 | _a0262681536 | ||
| 039 | 9 |
_y201011252214 _zVLOAD |
|
| 040 |
_aNLI _beng _cDatasoft 1 _eAACR2 |
||
| 041 | 0 | _aeng | |
| 044 | _amau | ||
| 082 | 0 | 4 | _a337 |
| 100 | 1 |
_aRosser, J. Barkley _q(John Barkley), _d1948- _9350290 |
|
| 245 | 1 | 0 |
_aComparative economics in a transforming world economy / _cJ. Barkley Rosser, Jr. [and] Marina V. Rosser |
| 250 | _a2nd ed. | ||
| 260 |
_aCambridge Mass. : _bMIT Press, _cc2004 |
||
| 300 |
_ax, 646 p. : _bill., maps ; _c24 cm. |
||
| 500 | _aIncludes index | ||
| 650 | 0 |
_aComparative economics _9210636 |
|
| 650 | 0 |
_aInternational economic relations _95820 |
|
| 700 | 1 |
_aRosser, Marina V. _q(Marina Vschernaya), _4jt. aut _9350291 |
|
| 887 | _a | ||
| 901 |
_a551624 _b2.12.2005 |
||
| 902 | _aE 337 R 735 | ||
| 942 |
_2ddc _cBKS |
||
| 949 |
_AVIRTUAITEM _D10000 _X100 _6PUR000551624ENG |
||
| 999 |
_aVIRTUA40 _c190809 _d190809 |
||